| 000 | 00378nam a2200157Ia 4500 | ||
|---|---|---|---|
| 008 | 210210b1988 xxu||||| |||| 00| 0 eng d | ||
| 082 | _a591 VIDT | ||
| 100 | _aVIDYARTHI (R D). | ||
| 245 | _aTextbook of zoology. Ed 16. | ||
| 250 | _a | ||
| 260 |
_aN Delhi _bS. Chand & Co. Ltd. _c1988 |
||
| 300 | _aviii,765 | ||
| 650 | _aZoology | ||
| 690 | _aZoology | ||
| 906 | _aSG00710 | ||
| 999 |
_c112269 _d112269 |
||